Normal view
MARC view
- Kaiser, Kenneth .L
Entry Personal Name
001 - CONTROL NUMBER
- control field: 60374
003 - CONTROL NUMBER IDENTIFIER
- control field: NUST
005 - DATE AND TIME OF LATEST TRANSACTION
- control field: 20210628202529.0
008 - FIXED-LENGTH DATA ELEMENTS
- fixed length control field: 210628|| aca||aabn | a|a d
040 ## - CATALOGING SOURCE
- Original cataloging agency: NUST
- Transcribing agency: NUST
100 ## - HEADING--PERSONAL NAME
- Personal name: Kaiser, Kenneth .L
670 ## - SOURCE DATA FOUND
- Source citation: Work cat.: (NUST): Kaiser, Kenneth .L, Electrostatic discharge, 2005
